Geography Quiz

Random Geography or World Quiz

Where Is That 'B' City? Quiz Stats

Quiz Updated May 11, 2017

Challenge
Share
Tweet
Embed
Score 0/20 Timer 04:00
4 Plays Today
Question Answer Wrong Answers
Bristol United Kingdom
95.4%
Ukraine
0.9%
Uruguay
0.5%
Uganda
0.9%
Brisbane Australia
92.7%
New Zealand
3.8%
Solomon Islands
0.6%
Indonesia
0.5%
Beirut Lebanon
87.5%
Libya
5%
Liberia
1.7%
Syria
3.4%
Bucharest Romania
86.6%
Moldova
0.9%
Bulgaria
9.1%
Macedonia
0.9%
Bruges Belgium
86.4%
France
5.7%
Italy
1.2%
Switzerland
4.1%
Benghazi Libya
84.1%
Algeria
8.7%
United States
0.4%
Morocco
4.3%
Bonn Germany
83.4%
France
11.2%
Spain
0.9%
Italy
1.9%
Bloemfontein South Africa
82.4%
Tanzania
5.7%
Madagascar
4.4%
New Zealand
4.8%
Baku Azerbaijan
74.3%
Iran
5.3%
Georgia
7.7%
Armenia
9.9%
Bilbao Spain
72.7%
Portugal
16.6%
Malta
3.9%
Mauritania
4.1%
Bishkek Kyrgyzstan
64.6%
Bhutan
5.3%
Tajikistan
22.6%
Iran
4.8%
Bari Italy
58.1%
San Marino
11.3%
Romania
14.2%
Hungary
13.5%
Bangui Central African Republic
52.1%
Chad
14%
Comoros
10.6%
Botswana
20.1%
Brno Czechia
51.7%
Slovakia
19.8%
Slovenia
14.9%
Hungary
10.8%
Brazzaville Republic of the Congo
49.8%
Democratic Republic of the Congo
28.1%
Equatorial Guinea
9.1%
São Tomé and Príncipe
10.3%
Banjul The Gambia
47.8%
Senegal
23.5%
Gabon
21.9%
Mexico
3.8%
Banja Luka Bosnia and Herzegovina
45.5%
Liechtenstein
5.3%
Serbia
24.7%
Kosovo
21.4%
Bandung Indonesia
44%
Philippines
18.5%
Timor-Leste
9.5%
Malaysia
25%
Burnaby Canada
37.1%
Ireland
30.4%
South Africa
19.7%
United Kingdom
10%
Bahía Blanca Argentina
28%
Brazil
34.5%
Costa Rica
24.7%
Spain
10%

You're not logged in!

Compare scores with friends on all Sporcle quizzes.
Sign Up with Email
OR
Log In

You Might Also Like...

Show Comments

Extras

Top Quizzes Today


Score Distribution

Your Account Isn't Verified!

In order to create a playlist on Sporcle, you need to verify the email address you used during registration. Go to your Sporcle Settings to finish the process.